<?xml version="1.0" encoding="UTF-8"?>
<collection xmlns="http://www.loc.gov/MARC21/slim">
 <record>
  <leader>00828nab a2200169 i 4500</leader>
  <controlfield tag="001">delm75055</controlfield>
  <controlfield tag="005">20180928084320.0</controlfield>
  <controlfield tag="008">180928s1967    hu      o     0||   hun d</controlfield>
  <datafield tag="040" ind1=" " ind2=" ">
   <subfield code="a">SZTE Délmagyarország Archívum</subfield>
   <subfield code="b">hun</subfield>
  </datafield>
  <datafield tag="041" ind1=" " ind2=" ">
   <subfield code="a">hun</subfield>
  </datafield>
  <datafield tag="100" ind1="1" ind2=" ">
   <subfield code="a">Ökrös László</subfield>
  </datafield>
  <datafield tag="245" ind1="1" ind2="0">
   <subfield code="a">Torreádor keringő </subfield>
   <subfield code="h">[elektronikus dokumentum] :</subfield>
   <subfield code="b">Anouilh drámájának magyarországi ősbemutatója Szegeden /</subfield>
   <subfield code="c"> Ökrös László</subfield>
  </datafield>
  <datafield tag="260" ind1=" " ind2=" ">
   <subfield code="c">1967-12-24</subfield>
  </datafield>
  <datafield tag="300" ind1=" " ind2=" ">
   <subfield code="a">10</subfield>
  </datafield>
  <datafield tag="490" ind1="0" ind2=" ">
   <subfield code="a">Délmagyarország</subfield>
   <subfield code="v">57 No. 304</subfield>
  </datafield>
  <datafield tag="695" ind1=" " ind2=" ">
   <subfield code="a">Anouilh Jean, Angyal Mária, Kovács János, Barta Mária, Király Levente, Simon Erika, Bókay Mária, Falvay Klára, Liska Zsuzsa, Pagonyi Nándor, Kerpely Judit, Kormos Lajos, Décsy Györgyi, Némethy Margit, Székely László, Gyarmaty Ágnes, Nemzeti Színház Szeged ősbemutató 1967, 1967</subfield>
  </datafield>
  <datafield tag="700" ind1="0" ind2="1">
   <subfield code="a">Siflis József</subfield>
   <subfield code="e">aut</subfield>
  </datafield>
 </record>
</collection>
